书目信息 |
| 题名: |
工程经济分析
|
|
| 作者: | 刘新梅 主编 | |
| 分册: | ||
| 出版信息: | 北京 北京大学出版社 2014 |
|
| 页数: | 369页 | |
| 开本: | 26cm | |
| 丛书名: | ||
| 单 册: | ||
| 中图分类: | F403.7 | |
| 科图分类: | ||
| 主题词: | 工程经济分析--高等学校--教材 , 工程经济分析 | |
| 电子资源: | ||
| ISBN: | 978-7-301-23715-1 | |
| 000 | 01076nam0 2200277 450 | |
| 001 | 523 | |
| 005 | 20140909094252.45 | |
| 010 | @a978-7-301-23715-1@dCNY45.00 | |
| 100 | @a20140324d2014 em y0chiy50 ea | |
| 101 | 0 | @achi |
| 102 | @aCN@b110000 | |
| 105 | @ay z 000yy | |
| 106 | @ar | |
| 200 | 1 | @a工程经济分析@AGong Cheng Jing Ji Fen Xi@dEngineering economic analysis@f刘新梅主编@FLiu Xin Mei Zhu Bian@zeng |
| 205 | @a2版 | |
| 210 | @a北京@c北京大学出版社@d2014 | |
| 215 | @a369页@d26cm | |
| 300 | @a西安交通大学“十二五”规划教材 21世纪经济与管理规划教材 管理科学与工程系列 | |
| 330 | @a本书分为十章,内容包括:绪论、工程经济分析的经济指标、工程项目经济评价、工程项目可行性研究、融资方案的经济分析、投资时期的经济分析、生产时期的经济分析、项目后评价、某PVC管材项目的可行性研究报告等。 | |
| 510 | 1 | @aEngineering economic analysis@zeng |
| 606 | 0 | @a工程经济分析@x高等学校@j教材 |
| 606 | 0 | @a工程经济分析 |
| 690 | @aF403.7@v5 | |
| 701 | 0 | @a刘新梅@ALiu Xin Mei@c(工程经济学)@4主编 |
| 801 | 0 | @aCN@bTANGWEI@c20140603 |
| 905 | @b0842051-53@dF403.7@e215=2@f3 | |
| 工程经济分析=Engineering economic analysis/刘新梅主编.-2版.-北京:北京大学出版社,2014 |
| 369页;26cm |
| 西安交通大学“十二五”规划教材 21世纪经济与管理规划教材 管理科学与工程系列 |
| ISBN 978-7-301-23715-1:CNY45.00 |
| 本书分为十章,内容包括:绪论、工程经济分析的经济指标、工程项目经济评价、工程项目可行性研究、融资方案的经济分析、投资时期的经济分析、生产时期的经济分析、项目后评价、某PVC管材项目的可行性研究报告等。 |
| ● |
| 相关链接 |
|
|
|
|
正题名:工程经济分析
索取号:F403.7/215=2
 
预约/预借
| 序号 | 登录号 | 条形码 | 馆藏地/架位号 | 状态 | 备注 |
| 1 | 0842051 | 208420519 | 第一样本阅览室/ [索取号:F403.7/215=2] | 在馆 | |
| 2 | 0842052 | 208420528 | 第一借阅区/ [索取号:F403.7/215=2] | 在馆 | |
| 3 | 0842053 | 208420537 | 密集书库-海洋学院/ [索取号:F403.7/215=2] | 在馆 |